01354nam a2200289Ia 4500001000600000003000900006008004100015040001300056040001300069041001300082100002100095100002900116240002200145240003500167245006400202245006300266250001100329260000900340260002000349260004900369300005700418500044200475650004100917650003100958700002200989700005301011G1976IT-RoPAU130308s9999 xx 000 0 und d aIT-RoPAU cIT-RoPAU aITALIANO aJakubowicz Karol gCodice Aut. SPICS: 36125 aMEDIA & DEMOCRACY gCodice Tit. Orig. Spics: T3200 a"Media & democrazia: i media ""cani da guardia pubblici""" b"Media & Democrazia: I Media ""Cani da guardia Pubblici""" a1a ed. aROMA bSapere 2000 Srl c1999 [1° Ed.:1999 - Ed.Ling.Originale:1998] a"256 p. (prefazione: no ; testo: 256 [pagine: 0-0])" aPrefazione del Ministro Giovanna Melandri. premessa di Daniel Tarschys, Segretario Generale del consiglio D'Europa. contributi di Autori vari Su: Media e Democrazia, garantire Libertà e indipendenza Nei Media, Diritti e Responsabilità dei professionisti dei Media: Diritto ed Etica, Media e Processi Elettorali, Economia dei Media, regolamentazione del settore dell'Emittenza: Funzione delle Authorities, Società dell'Informazione. aPOLITICA DELLA COMUNICAZIONE SOCIALE eCodice materia Spics: 3803 aWhite AidanAA.VV. gCodice Aut. SPICS: 6583Codice Aut. SPICS: 12000